Statistiken für Deutsche Fußballer, die in einem Champions League Endspiel standen

Klicken Sie hier um das Quiz zu spielen!

Allgemein

  • Dieses Quiz wurde 3.616 mal gespielt
    (1.538 seit der letzten Aktualisierung)
  • Das Durchschnittsergebnis liegt bei 26 aus 67

Antwortstatistiken

Anzahl + JahreAntwort% Korrekt
4x: 2010 (N), 2012 (N),
2013 (S), 2020 (S)
Müller
96%
3x: 2012 (N), 2013 (S),
2020 (S)
Neuer
96%
5x: 2012 (N), 2016 (S),
2017 (S), 2018 (S),
2022 (S)
Kroos
94%
3x: 2010 (N), 2012 (N),
2013 (S)
Lahm
83%
1x: 2013 (N)Hummels
82%
3x: 2012 (N), 2013 (S),
2020 (S)
Boateng
81%
3x: 2013 (N), 2021 (N),
2023 (S)
Gündogan
81%
3x: 2010 (N), 2012 (N),
2013 (S)
Schweinsteiger
81%
1x: 2020 (S)Kimmich
80%
1x: 2013 (N)Reus
72%
1x: 2020 (S)Goretzka
70%
1x: 2021 (S)Havertz
70%
1x: 2020 (S)Gnabry
65%
2x: 1999 (N), 2001 (S)Kahn
64%
1x: 2021 (S)Rüdiger
64%
1x: 2021 (S)Werner
63%
1x: 2013 (N)Weidenfeller
59%
1x: 1997 (S)Klos
56%
1x: 1999 (N)Matthäus
56%
2x: 2002 (N), 2008 (N)Ballack
54%
1x: 2015 (S)ter Stegen
53%
3x: 2010 (N), 2012 (N),
2013 (S)
Gomez
51%
2x: 2014 (S), 2015 (N)Khedira
51%
1x: 2023 (N)Gosens
50%
1x: 2020 (N)Draxler
47%
1x: 2013 (N)Schmelzer
44%
1x: 2010 (N)Klose
43%
1x: 2013 (N)Großkreutz
42%
1x: 2020 (S)Süle
41%
1x: 1997 (S)Ricken
39%
1x: 1997 (S)Sammer
39%
1x: 2020 (N)Kehrer
38%
1x: 2018 (N)Can
37%
1x: 2018 (N)Karius
35%
2x: 1999 (N), 2001 (S)Effenberg
33%
1x: 2006 (N)Lehmann
31%
2x: 1999 (N), 2001 (S)Scholl
31%
1x: 2010 (N)Badstuber
30%
2x: 2002 (N), 2010 (N)Butt
30%
1x: 1993 (S)Völler
27%
1x: 1997 (S)Kohler
26%
1x: 1999 (N)Basler
25%
1x: 2013 (N)Bender
25%
1x: 2005 (S)Hamann
21%
2x: 1999 (N), 2001 (S)Jancker
21%
1x: 2002 (N)Schneider
21%
1x: 1997 (S)Zorc
16%
1x: 2012 (N)Contento
15%
2x: 1999 (N), 2001 (S)
Linke
15%
1x: 1997 (S)Möller
15%
1x: 1999 (N)Jeremies
14%
1x: 2002 (N)Ramelow
14%
2x: 1999 (N), 2001 (S)Zickler
14%
1x: 2002 (N)Kirsten
13%
1x: 1997 (S)Riedle
13%
1x: 2013 (N)Schieber
12%
1x: 2002 (N)Neuville
11%
1x: 1997 (S)Reuter
11%
1x: 1999 (N)Babbel
9%
1x: 1998 (S)Illgner
9%
1x: 1999 (N)Fink
8%
1x: 1997 (S)Heinrich
8%
1x: 1999 (N)Tarnat
8%
1x: 1997 (S)Herrlich
7%
1x: 1997 (S)Kree
5%
1x: 2002 (N)Sebescen
5%
1x: 2002 (N)Brdaric
4%

Verteilung der Resultate

Perzentil nach korrekt beantworteten Fragen

Anzahl Personen mit jedem Resultat

Ihre Resultats-Entwicklung

Sie haben dieses Quiz seit der letzten Aktualisierung nicht gespielt